<?xml version="1.0" encoding="UTF-8"?><?xml-stylesheet type="text/xsl" href="static/style.xsl"?><OAI-PMH xmlns="http://www.openarchives.org/OAI/2.0/" xmlns:xsi="http://www.w3.org/2001/XMLSchema-instance" xsi:schemaLocation="http://www.openarchives.org/OAI/2.0/ http://www.openarchives.org/OAI/2.0/OAI-PMH.xsd"><responseDate>2026-04-14T06:19:21Z</responseDate><request verb="GetRecord" identifier="oai:www.recercat.cat:2072/250382" metadataPrefix="marc">https://recercat.cat/oai/request</request><GetRecord><record><header><identifier>oai:recercat.cat:2072/250382</identifier><datestamp>2025-03-11T16:33:19Z</datestamp><setSpec>com_2072_220028</setSpec><setSpec>com_2072_4427</setSpec><setSpec>col_2072_479371</setSpec></header><metadata><record xmlns="http://www.loc.gov/MARC21/slim" xmlns:dcterms="http://purl.org/dc/terms/" xmlns:xsi="http://www.w3.org/2001/XMLSchema-instance" xmlns:doc="http://www.lyncode.com/xoai" xsi:schemaLocation="http://www.loc.gov/MARC21/slim http://www.loc.gov/standards/marcxml/schema/MARC21slim.xsd">
   <leader>00925njm 22002777a 4500</leader>
   <datafield ind2=" " ind1=" " tag="042">
      <subfield code="a">dc</subfield>
   </datafield>
   <datafield ind2=" " ind1=" " tag="720">
      <subfield code="a">Solà-Morales, Pau</subfield>
      <subfield code="e">author</subfield>
   </datafield>
   <datafield ind2=" " ind1=" " tag="720">
      <subfield code="a">Toldrà Domingo, Josep M.</subfield>
      <subfield code="e">author</subfield>
   </datafield>
   <datafield ind2=" " ind1=" " tag="720">
      <subfield code="a">Puche i Fontanilles, Josep Ma</subfield>
      <subfield code="e">author</subfield>
   </datafield>
   <datafield ind2=" " ind1=" " tag="720">
      <subfield code="a">Macias Solé, Josep Maria</subfield>
      <subfield code="e">author</subfield>
   </datafield>
   <datafield ind2=" " ind1=" " tag="260">
      <subfield code="c">2014</subfield>
   </datafield>
   <datafield ind2=" " ind1=" " tag="520">
      <subfield code="a">The  city  of  Tarragona  houses  an  important  architectural  heritage  mainly  from  its  past  as  ‘Tarraco’, capital  of  the  Roman  province  of Hispania  Citerior,  but  also  from  its  medieval  and  late  19th  century history. The archaeological ensemble of Tarraco was inscribed as a UNESCO World Heritage Site in 2000,  but  although  many  efforts  have  been  devoted  by  archaeologists  and  historians  to  unveil  and understand the history and aspect of the Roman city, many aspects remain unknown.  

This is largely caused by the absence of a coherent body of historiographical material, which is todays cattered   across   several   institutions   and,   specially,   the   lack   of   precise   and   useful   graphical representations of the remains and of the existing city that allows in-depth analysis and interpretations of future findings. 

In  recent  years,  researchers  from  the  Catalan  Institute  of  Classical  Archaeology  (ICAC)  and  the Architecture School of the URV (ETSA) have teamed up to produce comprehensive, detailed graphic materials,  including  a  new  set  of  plans  and  sections  of  the  old  city,  of  the  grandiose  areas  of 
representation of the Provincial capital, and of the hidden structures beneath the city’s surface. These have  been  executed  with  the  latest  technologies  (fotogrammetry,  laser  scanning)  but  also  with traditional methods (measurement, topography), on t
op of a mixture of existing materials (hand-drafted cartography from municipal master plans) and of historical and archaeological documentation.</subfield>
   </datafield>
   <datafield ind1="8" ind2=" " tag="024">
      <subfield code="a">Solà-Morales, P., Toldrà, J. M., Puche, J. M., Macias, J. M. (2014) «Redrawing Tarraco»XII International Forum. Le Vie dei Mercanti. Best Practice in Heritage Conservation Management. From the world to Pompeii, Fabbrica della Conoscenza numero 46, 841 - 850</subfield>
   </datafield>
   <datafield ind1="8" ind2=" " tag="024">
      <subfield code="a">http://hdl.handle.net/2072/250382</subfield>
   </datafield>
   <datafield ind2="0" ind1="0" tag="245">
      <subfield code="a">Redrawing Tarraco</subfield>
   </datafield>
</record></metadata></record></GetRecord></OAI-PMH>